<Der> attraktive Messeplatz. <Ein> Anforderungsprofil.

Zemepisná poloha, stavebná infraštruktúra, program veľtrhu, poskytované služby, možnosti ubytovania, jednoduché colné predpisy, kultúrna ponuka a prijímanie veľtrhu obyvateľstvom z hľadiska jeho dopadu na životné prostredie ako hlavné faktory prispievajúce k atraktívnosti miesta usporiadania veľtrhu...

Descrizione completa

Salvato in:
Dettagli Bibliografici
Autore principale: Lévy, P.
Natura: Capitolo di libro
Lingua:tedesco
Soggetti:
Tags: Aggiungi Tag
Nessun Tag, puoi essere il primo ad aggiungerne!!

MARC

LEADER 00000naa a2200000 4500
001 r004093
005 20221208122822.5
041 0 |a ger 
044 |a DE 
245 1 0 |a <Der> attraktive Messeplatz.  |b <Ein> Anforderungsprofil.  |c P. Lévy 
520 |a Zemepisná poloha, stavebná infraštruktúra, program veľtrhu, poskytované služby, možnosti ubytovania, jednoduché colné predpisy, kultúrna ponuka a prijímanie veľtrhu obyvateľstvom z hľadiska jeho dopadu na životné prostredie ako hlavné faktory prispievajúce k atraktívnosti miesta usporiadania veľtrhu. 
610 2 0 |a veľtrhy 
610 2 0 |a clá 
610 2 0 |a prostredie životné 
610 2 0 |a infraštruktúra 
100 1 |a Lévy, P.